000
00232nam a2200097Ia 4500
001
734389
005
20250826163832.0
008
250824s9999 xx 000 0 und d
245
0
_a
DÜŞ YOLCUSU -1
_c
EMİN ERSÖZ
260
_b
YEDİVEREN
999
_c
734389
_d
734389